skbl

Dr Suryya Kumar Bhuyan Library Web-OPAC
ডঃ সূৰ্য্য
কুমাৰ ভূঞা পুথিভঁৰাল ৱেব-অ'পেক

All Research Scholars are advised to clear the annual library fees to continue using Library Resources, Remote Access, Plagiarism Test and Library Clearance.

Cotton University Book Fair 2026

Dimensions of Teacher Education / (Record no. 8619)

MARC details
000 -LEADER
fixed length control field 00777nam a2200301Ia 4500
001 - CONTROL NUMBER
control field 8632
005 - DATE AND TIME OF LATEST TRANSACTION
control field 20240113234125.0
007 - PHYSICAL DESCRIPTION FIXED FIELD--GENERAL INFORMATION
fixed length control field ta
008 - FIXED-LENGTH DATA ELEMENTS--GENERAL INFORMATION
fixed length control field 050720s1991 a g b000 u eng u
020 ## - INTERNATIONAL STANDARD BOOK NUMBER
International Standard Book Number 81-7041-546-5
040 ## - CATALOGING SOURCE
Original cataloging agency Cotton College Assam
041 ## - LANGUAGE CODE
Language code of text/sound track or separate title eng
082 ## - DEWEY DECIMAL CLASSIFICATION NUMBER
Classification number 371.1
Item number Ch 344 Di
100 ## - MAIN ENTRY--PERSONAL NAME
Personal name Chadda, D.K.
245 #0 - TITLE STATEMENT
Title Dimensions of Teacher Education /
Statement of responsibility, etc. D.K Chadda.
Medium Textual Documents
250 ## - EDITION STATEMENT
Edition statement 1st ed. /
260 ## - PUBLICATION, DISTRIBUTION, ETC.
Place of publication, distribution, etc. New Delhi :
Name of publisher, distributor, etc. Anmol Publications ,
Date of publication, distribution, etc. 1991.
300 ## - PHYSICAL DESCRIPTION
Extent vi, 127p. :
Other physical details ill ;
Dimensions 22cm .
504 ## - BIBLIOGRAPHY, ETC. NOTE
Bibliography, etc. note Bib, Index
653 ## - INDEX TERM--UNCONTROLLED
Uncontrolled term Education
653 ## - INDEX TERM--UNCONTROLLED
Uncontrolled term Teacher Education
653 ## - INDEX TERM--UNCONTROLLED
Uncontrolled term PG-Education
653 ## - INDEX TERM--UNCONTROLLED
Uncontrolled term G-Education
942 ## - ADDED ENTRY ELEMENTS (KOHA)
Source of classification or shelving scheme Dewey Decimal Classification
Koha item type Books
Holdings
Withdrawn status Lost status Damaged status Not for loan Collection Home library Current library Date acquired Coded location qualifier Total checkouts Full call number Barcode Date last seen Date last checked out Copy number Price effective from Koha item type Total renewals
          Dr. Suryya Kumar Bhuyan Library Dr. Suryya Kumar Bhuyan Library 01/02/2012 00000 1 371.1 Ch 344 Di 568/Edn 21/08/2024 09/08/2024 2 01/02/2012 Books  
          Dr. Suryya Kumar Bhuyan Library Dr. Suryya Kumar Bhuyan Library 01/02/2012 00000 1 371.1 Ch 344 Di 318/Edn 26/09/2024 09/08/2024 1 01/02/2012 Books 2

Designed and Maintained by Team SKBL
©1901-2026

Powered by Koha